Histoire du drapeau du Liban - Statistiques

Statistiques générales
  • Ce quiz a été pris 233 fois
  • Le résultat moyen est 6 sur 12
Statistiques - réponses
Hint Réponse % Correct
Liban (drapeau actuel depuis 1943)
85%
Grand Liban (1920-1943)
64%
Empire romain (-63 - 395)
63%
Empire Byzantin (395-636)
58%
Quatrième drapeau de l'empire Ottoman (1844-1918)
56%
Troisième drapeau de l'empire Ottoman (1793-1844)
42%
Sultanat Mamelouk d'Égypte (1250-1516)
39%
Deuxième drapeau de l'empire Ottoman (1517-1793)
37%
Territoires ennemis occupés (1918-1920)
35%
Premier drapeau de l'empire Ottoman (1516-1517)
27%
Califat Abbassides (750-1250)
25%
Califat Omeyyade (636-750)
24%
Aucun quiz correspondant
Distribution des résultats
% des personnes avec chaque résultat
Percentile par nombre de réponses
Votre historique - résultats
Vous n’avez pas pris ce quiz